000 00811cpcaa2200229 a 4500
001 mm 80065480
003 DLC
005 20260227111705.0
008 800918|||||||||||| eng
010 _amm 80065480
040 _aDLC
_cDLC
_dDLC
_edacs
072 7 _aC
_2lcmd
100 1 _aWashington, George,
_d1732-1799.
245 0 0 _aGeorge Washington account books,
_f1747-1799.
300 _a1
_fmicrofilm reel.
506 0 _aOpen to research.
533 _aMicrofilm of originals in Mount Vernon (Mount Vernon, Va.).
535 1 _aMount Vernon,
_bMount Vernon, VA
545 0 _aU.S. president, U.S. Army officer, and patriot.
656 7 _aPresidents
_zUnited States.
_2itoamc
999 _c42931
_d42931